000 01800nam a22004697a 4500
001 000096962
003 CHAP
005 20220329143221.0
008 070327d2007 mx a r 00110 spa d
010 _a93428
011 _a94400
035 _a104988
040 _cCHAP
090 _aTesis
100 1 _aMorales Ríos, Nelly.
_978409
245 1 0 _aTratamientos de desinfección en semilla de trigo (Triticum aestivum L.) en la producción hidropónica de forraje /
_c/por Nelly Morales Ríos y Delmar Mendoza Hernández.
260 _aChapingo, Méx. :
_bEl autor,
_c2007.
300 _a48 h. :
_bilus. ; cuadros.
502 _aTesis (Ing. Agr. Esp. en Fitotecnia ) -- UACH. Departamento de Fitotecnia
502 _aTesis (Ing. Agr. Esp. en Zootecnia ) -- UACH. Departamento de Zootecnia
590 _aALEPH
_b10
_c20130110
_lUCH01
_h1517
590 _aBATCH-UPD
_b10
_c20130110
_lUCH01
_h0804
590 _aBATCH-UPD
_b10
_c20130410
_lUCH01
_h0442
590 _aBATCH-UPD
_b10
_c20130914
_lUCH01
_h1432
590 _aBATCH-UPD
_b10
_c20140324
_lUCH01
_h1502
590 _aBATCH-UPD
_b10
_c20141002
_lUCH01
_h0833
590 _aCONVERSION
_b10
_c20130109
_lUCH01
_h1352
590 _aE11695DGD
_b10
_c20130529
_lUCH01
_h1418
650 0 4 _aForrajes
_xRendimiento.
_942593
650 0 4 _aHidroponía.
_955280
650 0 4 _aTrigo como forraje.
_9115135
650 0 4 _aTrigo
_xSemilla.
_9115097
650 0 4 _aTrigo
_xSemilla
_xDesinfección.
_9115100
700 1 _aMendoza Hernández, Delmar.
_974667
856 _3Finding aid
_uhttp://10.13.5.2/tesis/104988.pdf
_zTeclea aquí
901 _aBK
905 _aLuis Gutiérrez Merin
942 _cCD
942 _n0
949 _aTesis
_bBC
_cTES
_d33724002026587
_eTS1
_h46568
_i104988
_sb
949 _aTesis
_bBC
_cTES
_d33724002026595
_eTS2
_fc.2
_h46569
_i104988
_sb
999 _c93428
_d93428